| 000 | 00784cam a22002171 4500 | ||
|---|---|---|---|
| 001 | sa 64007504 | ||
| 003 | DLC | ||
| 005 | 20260227112047.0 | ||
| 008 | 920828s1962 io 000 0 ind | ||
| 010 | _asa 64007504 | ||
| 025 | _aPL480:Indo-743 | ||
| 035 | _a(OCoLC)26498609 | ||
| 040 |
_aDLC _cCU _dCU _dDLC |
||
| 042 | _apremarc | ||
| 050 | 0 | 0 |
_aDS644 _b.S8123 1962 |
| 100 | 0 |
_aSoekarno, _d1901-1970. |
|
| 245 | 1 | 0 |
_aMentjapai Indonesia merdeka. _bRisalah ini ditulis ketika Bung Karno beristirahat disesuatu tempat dipergunungan Selatan Bandung (Pengalengan) pada bulan Maret 1933; dikutip dari penerbitan Departemen Penerangan, penerbitanchusus 84. |
| 260 |
_aDjakarta, _bBwaro Niaga _c[cover 1962] |
||
| 300 |
_a84 p. _c21 cm. |
||
| 651 | 0 |
_aIndonesia _xPolitics and government. |
|
| 999 |
_c60299 _d60299 |
||